000 00773nas a2200253 4500
001 BR2013005631
003 BR-BrBNA
005 20231205122647.0
007 ta
008 230509b bl.|||p| |||| 00| 00por d
040 _aBR-BrBNA
_bpor
_cBiblioteca Nacional de Agricultura
041 _a(Pt)
072 _aH10
100 1 _aSalgado-Neto, G.
100 1 _aDi Mare, R.A.
245 1 _aMorfometria e mortalidade em pupas e adultos de Brassolis astyra (Nymphalidae, Morphinae)
650 _aBORBOLETA
650 _aPUPA
650 _aLONGEVIDADE
650 _aRIO GRANDE DO SUL
773 0 _tIheringia. Série Zoologia (Brazil)
_xISSN 0073-4721
_g(Jun 2009), v. 99(2) p. 194-199
_wBR2013005631
909 _a202311
_bLúcia
_c55
_dLúcia Elande
942 _2AGRIS
_n0
_cANA
999 _c229846
_d229846